Теоретическое исследование квазистационарной и релаксационной стадий процесса деления возбуждённого атомного ядра: диссертация на соискание ученой степени кандидата физико-математических наук; спец. 01.04.16

Detaylı Bibliyografya
Yazar: Актаев Н. Е. Нуркен Ерболатович
Müşterek Yazar: Омский государственный университет путей сообщения (ОмГУПС)
Diğer Yazarlar: Гончар И. И. (научный руководитель)
Özet:Защищена 24.05.2011 г.
Dil:Rusça
Baskı/Yayın Bilgisi: Омск, [Б. и.], 2011
Konular:
Materyal Türü: Kitap
KOHA link:https://koha.lib.tpu.ru/cgi-bin/koha/opac-detail.pl?biblionumber=198003

MARC

LEADER 00000nbm0a2200000 4500
001 198003
005 20231101224804.0
035 |a (RuTPU)RU\TPU\book\215969 
090 |a 198003 
100 |a 20110621j20110524k y0rusy50 ca 
101 0 |a rus 
102 |a RU 
105 |a a m 001zy 
200 1 |a Теоретическое исследование квазистационарной и релаксационной стадий процесса деления возбуждённого атомного ядра  |e диссертация на соискание ученой степени кандидата физико-математических наук  |e спец. 01.04.16  |f Н. Е. Актаев  |g Омский государственный университет путей сообщения (ОмГУПС) ; науч. рук. И. И. Гончар 
210 |a Омск  |c [Б. и.]  |d 2011 
215 |a 100 л.  |c ил. 
300 |a Защищена 24.05.2011 г. 
320 |a Библиогр.: с. 89-100 (119 назв.). 
320 |a Обозначения: с. 87-88. 
606 1 |a Атомное ядро  |x Деление  |2 stltpush  |3 (RuTPU)RU\TPU\subj\29691  |9 52967 
610 1 |a возбужденные ядра 
610 1 |a формулы Крамерса 
610 1 |a динамические модели 
610 1 |a квазистационарная скорость 
610 1 |a крамерсовая скорость 
610 1 |a модифицированный подход 
610 1 |a релаксационная стадия 
610 1 |a диссертации 
675 |a 539.173(04)  |v 3 
686 |a 01.04.16  |2 oksvnk 
700 1 |a Актаев  |b Н. Е.  |c физик  |c инженер-исследователь Томского политехнического университета, кандидат физико-математических наук  |f 1985-  |g Нуркен Ерболатович  |2 stltpush  |3 (RuTPU)RU\TPU\pers\33501 
702 1 |a Гончар  |b И. И.  |4 727 
712 0 2 |a Омский государственный университет путей сообщения (ОмГУПС)  |c (1997- )  |2 stltpush  |3 (RuTPU)RU\TPU\col\642 
801 1 |a RU  |b 63413507  |c 20110621 
801 2 |a RU  |b 63413507  |c 20160129  |g RCR 
942 |c BK